000 00668nam a2200193Ii 4500
003 JO-AjNU
008 230605s9999||||xx |||||||||||||| ||und||
040 _aJO-AjNU
_bara
_erda
_cJO-AjNU
041 _aara
050 1 4 _aHD2326.H35.1979
100 3 _aحميد، حميد جاسم/م.مشارك: علي محمد نقي،فتحي حسين خليل،خائب ابراهيم جواد,
_eauthor
_942425
245 0 0 _aالاقتصاد الصناعي
264 3 1 _aد.م:د.ن،1979
300 _a465ص
336 _atext
_btxt
_2rdacontent
337 _aunmediated
_bn
_2rdamedia
338 _avolume
_bnc
_2rdacarrier
650 4 _aالاقتصاد الصناعي
_942426
999 _aA18165
_c21733
_d21733